000 00670nam a2200289Ia 4500
005 20260324131304.0
008 008 260324s9999 xx 000 0 eng d
020 _a9781315256511
037 _aEBOOK
040 _aCRL
040 _beng
040 _cCRL
041 _2eng
041 _aeng
084 _qCRL
100 _aBrendan Dooley
_9872357
245 0 _aEnergy and Culture
245 0 _bPerspectives on the Power to Work
260 _bTaylor and Francis
260 _c2006
365 _a
365 _b240
856 _uhttp://www.taylorfrancis.com/books/9781315256511
942 _cEBOOK
999 _c1781957
_d1781957